000 00715nas1a22002051i 4500
001 rc\257328
005 20240723215722.0
035 _a(NLR Aleph) 005629626
090 _a6563908
_c6563908
100 _a20030307a19909999u |0rusy50 ca
101 0 _arus
102 _aRU
200 1 _aСборник научных трудов
_fМалое науч.-произв. предприятие "Наука"
210 _aЧелябинск
_d1990-
300 _aВ надзаг. также: Челяб. обком ВЛКСМ
710 0 2 _a"Наука", малое науч.-произв. предприятие
_cЧелябинск
801 0 _aRU
_bNLR
_gpsbo
801 1 _aRU
_bELAR
_2rusmarc
852 _aNLR
_jП1/556
942 _cSE